[Event "Imperia Corallo op-B 1st"]
[Site "Imperia"]
[Date "2006.11.25"]
[Round "2.1"]
[White "Verda, Damiano"]
[Black "Lanzillotta, Daniele"]
[Result "0-1"]
[WhiteElo "1488"]
[BlackElo "1577"]
[PlyCount "64"]
[EventDate "2006.11.24"]
[EventType "swiss"]
[EventRounds "4"]
[EventCountry "ITA"]
[SourceTitle "EXT 2024"]
[Source "ChessBase"]
[SourceDate "2023.10.10"]
[SourceVersion "1"]
[SourceVersionDate "2023.10.10"]
[SourceQuality "1"]

1. e4 c5 2. Nf3 Nc6 3. d4 cxd4 4. Nxd4 Nf6 5. Nc3 g6 6. Bf4 Bg7 7. Ndb5 d6 8. Nd5 Nxd5 9. exd5 Ne5 10. c3 0-0 11. Qd2 Bd7 12. Bh6 Bxb5 13. Bxg7 Bxf1 14. Bxe5 Bxg2 15. Rg1 dxe5 16. Rxg2 Qd6 17. 0-0-0 Rfd8 18. h4 Rac8 19. b3 Qd7 20. Qe3 Rxc3+ 21. Qxc3 Rc8 22. Qxc8+ Qxc8+ 23. Kb2 Qh3 24. Rg3 Qxh4 25. d6 exd6 26. Rxd6 Qf4 27. Rg2 e4 28. Rd7 Qf3 29. Rh2 Qe2+ 30. Ka3 e3 31. Re7 Qa6+ 32. Kb2 Qf6+ 0-1